| 000 | 01086pam a2200301 a 4500 | ||
|---|---|---|---|
| 999 |
_c531707 _d531707 |
||
| 001 | 1998731 | ||
| 003 | NUST | ||
| 005 | 20191024101007.0 | ||
| 008 | 900612s1991 dcua bf 000 0 eng | ||
| 010 | _a 90041269 | ||
| 020 | _a082131615X | ||
| 038 | _aMSOHAIL | ||
| 040 |
_aDLC _cDLC _dDLC |
||
| 043 | _an-us--- | ||
| 050 | 0 | 0 |
_aHJ9695 _b.M38 1991 |
| 082 | 0 | 0 |
_a352.1091724 _220 |
| 100 | 1 |
_aMcMaster, James, _d1944- _924648 |
|
| 245 | 1 | 0 |
_aUrban financial management : _bA Training Manual (E D I TECHNICAL MATERIALS) _cJames McMaster. |
| 260 |
_aWashington, D.C. : _bWorld Bank, _cc1991. |
||
| 300 |
_axi, 176 p. : _bill. ; _c28 cm. |
||
| 440 | 0 |
_aEDI technical materials _924649 |
|
| 504 | _aIncludes bibliographical references (p. 171-176). | ||
| 650 | 0 |
_aMunicipal finance _zDeveloping countries _vHandbooks, manuals, etc. _924650 |
|
| 650 | 0 |
_aMunicipal finance _vHandbooks, manuals, etc. _924651 |
|
| 906 |
_a7 _bcbc _corignew _d1 _eocip _f19 _gy-gencatlg |
||
| 942 |
_2ddc _cBK |
||